000 00786nas a2200265 4500
001 BR9700676
003 BR-BrBNA
005 20231205095953.0
007 ta
008 230509b bl.|||p| |||| 00| 00por d
040 _aBR-BrBNA
_bpor
_cBiblioteca Nacional de Agricultura
041 _a(Pt)
072 _aL53
100 1 _aLanna, D.P.D.
100 1 _aBauman, D.E.
245 1 _aValidacao de metodologias para o estudo da lipasae sensivel a hormonio em vacas em lactacao
650 _aVaca
650 _aHormonio Animal
650 _aLactacao
650 _aLipase
650 _aRuminante
773 0 _tBoletim de Industria Animal (Brazil)
_xISSN 0067-9615
_g(Jan-Jun 1995), v. 52(1) p. 49-56
_wBR9700676
909 _a202311
_bLúcia
_c55
_dLúcia Elande
942 _2AGRIS
_n0
_cANA
999 _c153734
_d153734